The United States: Then and Now Quiz Stats

 Plays Quiz Updated Mar 23, 2018

Challenge
Share
Tweet
Embed
Score 0/15 Timer 03:00
2 Plays Today
Category Higher then or now? % Correct
U.S. states???
97.9%
Primary interstate highways???
93.8%
Percent of U.S. homes without TVs???
88%
Number of television series that debuted???
83.2%
U.S. Federal Holidays???
82%
U.S. gross domestic product???
82%
Class I railroads in the U.S.???
81%
Percent of U.S. population with a high school degree???
80.7%
Category Higher then or now? % Correct
Major League Baseball teams in New York???
78.8%
Living U.S. presidents???
71.6%
Number of U.S.-born Nobel Laureates that year???
66.9%
Active U.S. military personnel???
48%
Minutes in a 'Meet the Press' episode???
44%
Awards of Merit presented at the Oscars???
37.6%
Population of Chicago, IL???
27.4%

You're not logged in!

Compare scores with friends on all Sporcle quizzes.
OR
Log In

You Might Also Like...

Show Comments

Extras

Top Quizzes Today


Score Distribution

Your Account Isn't Verified!

In order to create a playlist on Sporcle, you need to verify the email address you used during registration. Go to your Sporcle Settings to finish the process.

Report this User

Report this user for behavior that violates our Community Guidelines.

Details: